Cien películas para amar el cine / (Record no. 67355)

MARC details
000 -LEADER
campo de control de longitud fija 00740nam a2200253 i 4500
001 - NÚMERO DE CONTROL
campo de control 67355
003 - IDENTIFICADOR DE NÚMERO DE CONTROL
campo de control ES-MaACL
005 - FECHA Y HORA DE LA ÚLTIMA TRANSACCIÓN
campo de control 20231213210239.0
007 - CAMPO FIJO DE DESCRIPCIÓN FÍSICA--INFORMACIÓN GENERAL
campo de control de longitud fija t|
008 - DATOS DE LONGITUD FIJA--INFORMACIÓN GENERAL
campo de control de longitud fija 040520s2003 sp ||||0| spa d
020 ## - NÚMERO INTERNACIONAL ESTÁNDAR DEL LIBRO
Número Internacional Estándar del Libro 84-88170-50-5
040 ## - FUENTE DE CATALOGACIÓN
Centro catalogador/agencia de origen M-BN
Lengua de catalogación spa
Centro/agencia transcriptor M-BN
080 ## - NÚMERO DE LA CLASIFICACIÓN DECIMAL UNIVERSAL
Número de la Clasificación Decimal Universal 791.43(049.3)
245 00 - MENCIÓN DEL TÍTULO
Título Cien películas para amar el cine /
Mención de responsabilidad, etc. edición de Miguel Losada.
260 ## - PUBLICACIÓN, DISTRIBUCIÓN, ETC.
Lugar de publicación, distribución, etc. Elche :
Nombre del editor, distribuidor, etc. Frutos del Tiempo,
Fecha de publicación, distribución, etc. [2003]
300 ## - DESCRIPCIÓN FÍSICA
Extensión 434 p. :
Otras características físicas il. ;
Dimensiones 19 cm.
490 1# - MENCIÓN DE SERIE
Mención de serie Colección Lunara cine
500 ## - NOTA GENERAL
Nota general Indice.
650 14 - PUNTO DE ACCESO ADICIONAL DE MATERIA--TÉRMINO DE MATERIA
Término de materia o nombre geográfico como elemento de entrada Cine-
Subdivisión de forma Críticas.
9 (RLIN) 11020
700 1# - ENTRADA AGREGADA--NOMBRE PERSONAL
Nombre de persona Losada, Miguel
9 (RLIN) 74261
830 0# - PUNTO DE ACCESO ADICIONAL DE SERIE-TÍTULO UNIFORME
Título uniforme Colección Lunara cine
9 (RLIN) 230889
852 ## - LOCALIZACIÓN
Ubicación ES-MaACL
Número de control de estantería L-27623
Sublocalización o colección R.133265
Holdings
Estatus retirado Estado de pérdida Estado de daño No para préstamo Biblioteca de origen Biblioteca actual Ubicación en estantería Fecha de adquisición Fuente de adquisición Total de préstamos Signatura topográfica completa Código de barras Visto por última vez Precio de reemplazo Tipo de ítem Koha
        Biblioteca del Ateneo de Madrid Biblioteca del Ateneo de Madrid Depósito 2 17/01/2008     L-27623 1070533 23/02/2023 23/02/2023 Libro impreso